|
|
|
|
| LEADER |
01907nam a2200373 a 4500 |
| 001 |
39015 |
| 003 |
BD-DhAAL |
| 005 |
20220626153130.0 |
| 008 |
220626t2012 enk b 001 0 eng d |
| 999 |
|
|
|c 43938
|d 43938
|
| 010 |
|
|
|a 2011049088
|
| 020 |
|
|
|a 9781138016873 (paperback)
|
| 020 |
|
|
|a 9780415524421 (hardback)
|
| 020 |
|
|
|z 9780203115565 (e-book)
|
| 040 |
|
|
|a DLC
|c DLC
|d DLC
|d BD-DhAAL
|
| 042 |
|
|
|a pcc
|
| 050 |
0 |
0 |
|a K3230.R45
|b L49 2012
|
| 082 |
0 |
0 |
|a 341.486
|2 23
|
| 100 |
1 |
|
|a Lewis, Corinne.
|9 49654
|
| 245 |
1 |
0 |
|a UNHCR and international refugee law :
|b from treaties to innovation /
|c Corinne Lewis.
|
| 260 |
|
|
|a Abingdon, Oxon ;
|a New York, NY :
|b Routledge,
|c 2012.
|
| 300 |
|
|
|a xxiii, 195 pages ;
|c 24 cm.
|
| 490 |
0 |
|
|a Rourledge research on international law
|
| 504 |
|
|
|a Includes bibliographical references (pages 171-187) and index.
|
| 505 |
0 |
|
|a Foundations for UNHCR's international refugee law role -- UNHCR's statutory role and work related to refugee law -- Flexibility in UNHCR's international law role -- The crisis in refugee protection -- UNHCR's approaches to address weaknesses in the treaty framework -- UNHCR's approaches to improve the effectiveness of international refugee law -- Concluding remarks : applying lessons from the past to enhance UNHCR's role in the future
|
| 526 |
|
|
|a SOL
|
| 541 |
|
|
|a Book Finder International
|e 39015
|
| 610 |
2 |
0 |
|a Office of the United Nations High Commissioner for Refugees.
|9 49655
|
| 650 |
|
0 |
|a Refugees
|x Legal status, laws, etc.
|9 49656
|
| 650 |
|
0 |
|a Refugees
|x International cooperation.
|9 49657
|
| 650 |
|
0 |
|a Law.
|9 49658
|
| 852 |
|
|
|a Ayesha Abed Library
|c General Stacks
|
| 942 |
|
|
|2 ddc
|c BK
|
| 952 |
|
|
|0 0
|1 0
|2 ddc
|4 0
|6 341_486000000000000_LEW
|7 0
|9 71109
|a BRACUL
|b BRACUL
|c GEN
|d 2022-06-26
|e Book Finder International
|g 2968.45
|l 0
|o 341.486 LEW
|p 3010039015
|r 2022-06-26
|t 1
|v 2968.45
|w 2022-06-26
|y BK
|x SoL books funded by the UNHCR project
|